00873nam a2200217 a 450000100100000000500170001000800410002702000150006804000250008308200150010810000290012324000250015224501210017726000460029830000210034450000740036570000400043970000460047995201130052599900170063800004148720201002034932.0131008s1984 sp 000 0 spa d a8422617773 aDO-SdBNPbspacBNPHU axxxbT654r1 aTolstói, Léon94662510aVoskreséniyelRuso10aResurreción /cLeón Tolstói ; introducción Gonzalo Torrente Ballester ; traducción José Laín Entralgo. aBarcelona :bCirculos de Lectores,c1984. a453 p. ;c22 cm. aIncluye referencias bibliográficas y notas al pie de las páginas.12aLaín Entralgo, Joséetr.96817912aTorrente Ballester, Gonzaloeintr.921384 001050718MOaGRbGRcCTd2013-10-08iLF1l0oxxx T654rp41487-10r2020-06-25w2020-06-25y1ZNo se presta c40977d40977